000 00320nam a2200157Ia 4500
100 _aSiyan/ Karanjit/ Weaver/James L
250 _aI
942 _cBK
654 _aInside java
245 _aInside Java
260 _bNew Riders
_c1997
082 _a5.133
_bSIY
300 _a912
546 _aENGLISH
999 _c35174
_d35174